<?xml version="1.0" encoding="UTF-8"?>
<record
    xmlns:xsi="http://www.w3.org/2001/XMLSchema-instance"
    xsi:schemaLocation="http://www.loc.gov/MARC21/slim http://www.loc.gov/standards/marcxml/schema/MARC21slim.xsd"
    xmlns="http://www.loc.gov/MARC21/slim">

  <leader>00768nam a22001937a 4500</leader>
  <controlfield tag="008">160222b        xxu||||| |||| 00| 0 eng d</controlfield>
  <datafield tag="082" ind1=" " ind2=" ">
    <subfield code="a">700.79</subfield>
    <subfield code="b">P954m</subfield>
  </datafield>
  <datafield tag="110" ind1=" " ind2=" ">
    <subfield code="a">Prince Claus Fund Library; </subfield>
    <subfield code="c">Amsterdam</subfield>
    <subfield code="d">7 september 2002</subfield>
    <subfield code="9">4736</subfield>
  </datafield>
  <datafield tag="245" ind1=" " ind2=" ">
    <subfield code="a">One does not develop people; they develop themselves = </subfield>
    <subfield code="b">Mensen worden niet ontwikkeld, ze ontwikkelen zichzelf.</subfield>
    <subfield code="c">Prince Claus Fund Library</subfield>
  </datafield>
  <datafield tag="246" ind1=" " ind2=" ">
    <subfield code="b">Mensen worden niet ontwikkeld, ze ontwikkelen zichzelf.</subfield>
  </datafield>
  <datafield tag="260" ind1=" " ind2=" ">
    <subfield code="a">Nederland: </subfield>
    <subfield code="b">Prins Claus Fonds, </subfield>
    <subfield code="c">2002</subfield>
  </datafield>
  <datafield tag="300" ind1=" " ind2=" ">
    <subfield code="a">32 p.</subfield>
    <subfield code="b">ill. (col.)</subfield>
    <subfield code="c">24 cm.</subfield>
  </datafield>
  <datafield tag="500" ind1=" " ind2=" ">
    <subfield code="a">Textos en neerland&#xE9;s e ingl&#xE9;s</subfield>
  </datafield>
  <datafield tag="650" ind1=" " ind2=" ">
    <subfield code="9">4741</subfield>
    <subfield code="v">Arte Moderno</subfield>
  </datafield>
  <datafield tag="650" ind1=" " ind2=" ">
    <subfield code="v">S. 21</subfield>
    <subfield code="9">4742</subfield>
  </datafield>
  <datafield tag="650" ind1=" " ind2=" ">
    <subfield code="v">Premios</subfield>
    <subfield code="9">4743</subfield>
  </datafield>
  <datafield tag="700" ind1=" " ind2=" ">
    <subfield code="a">Boom, Irma (comp.)</subfield>
    <subfield code="9">4738</subfield>
  </datafield>
  <datafield tag="700" ind1=" " ind2=" ">
    <subfield code="a">Pijnappel, Johan (comp.)</subfield>
    <subfield code="9">4739</subfield>
  </datafield>
  <datafield tag="999" ind1=" " ind2=" ">
    <subfield code="c">860</subfield>
    <subfield code="d">860</subfield>
  </datafield>
  <datafield tag="952" ind1=" " ind2=" ">
    <subfield code="0">0</subfield>
    <subfield code="1">0</subfield>
    <subfield code="2">ddc</subfield>
    <subfield code="4">0</subfield>
    <subfield code="7">0</subfield>
    <subfield code="a">LV</subfield>
    <subfield code="b">LV</subfield>
    <subfield code="c">Eventos y Bienales</subfield>
    <subfield code="d">2016-02-22</subfield>
    <subfield code="l">0</subfield>
    <subfield code="o">700.79 P954m</subfield>
    <subfield code="p">000047</subfield>
    <subfield code="r">2016-02-22 00:00:00</subfield>
    <subfield code="w">2016-02-22</subfield>
    <subfield code="y">01</subfield>
  </datafield>
</record>
